[Event "FRA-chT3 Gr01 0607"]
[Site "France"]
[Date "2007.03.18"]
[Round "7.8"]
[White "Lamberti, Carla"]
[Black "Buscara, Lena"]
[Result "0-1"]
[WhiteElo "1500"]
[BlackElo "1740"]
[PlyCount "78"]
[EventDate "2006.10.15"]
[EventType "team"]
[EventRounds "9"]
[EventCountry "FRA"]
[SourceTitle "EXT 2008"]
[Source "ChessBase"]
[SourceDate "2007.11.25"]
[SourceVersion "1"]
[SourceVersionDate "2007.11.25"]
[SourceQuality "1"]

1. e4 d6 2. Nc3 Nf6 3. d3 Nbd7 4. Be3 c6 5. Nf3 e5 6. Be2 Be7 7. 0-0 d5 8. exd5 cxd5 9. Bg5 d4 10. Bxf6 Nxf6 11. Ne4 Qc7 12. Nxf6+ Bxf6 13. Nd2 0-0 14. Ne4 Be7 15. Bf3 Be6 16. Nd2 f5 17. Nb3 Rac8 18. Rc1 Bg5 19. Rb1 b6 20. Re1 Bf6 21. Re2 g6 22. Ra1 Bf7 23. h3 a5 24. a4 Rfe8 25. Ra3 Be7 26. Ra1 Bg5 27. Ra3 Be7 28. Ra1 Bd6 29. Rc1 Bxb3 30. cxb3 Qxc1 31. Bd5+ Kf8 32. Qxc1 Rxc1+ 33. Kh2 e4+ 34. g3 exd3 35. Rd2 Re2 36. Rxd3 Rxf2+ 37. Bg2 Rcc2 38. h4 Rxg2+ 39. Kh3 Rh2# 0-1